Statistics for US States with the Lowest Percentage of Tobacco Consumption - with a Map

Click here to take the quiz!

General Stats

  • This quiz has been taken 63 times
  • The average score is 13 of 15

Answer Stats

% Population State % Correct
15.02Washington
97%
15.14New York
93%
9.18Utah
92%
12.59California
92%
15.81Rhode Island
90%
12.39Hawaii
85%
15.39Colorado
85%
14.21Connecticut
84%
14.76Idaho
84%
14.76New Jersey
84%
15.56Arizona
82%
14.39Massachusetts
79%
15.38Texas
77%
15.69Maryland
77%
15.96Illinois
74%

Score Distribution

Percentile by Number Answered

Percent of People with Each Score

Your Score History

You have not taken this quiz